[Event "Moratalaz op 19th"]
[Site "Madrid"]
[Date "2006.09.20"]
[Round "3"]
[White "Ramos Rodriguez, Francisco"]
[Black "Ballesteros Gonzalez, David"]
[Result "0-1"]
[WhiteElo "1835"]
[BlackElo "2257"]
[PlyCount "36"]
[EventDate "2006.09.18"]
[EventType "swiss"]
[EventRounds "9"]
[EventCountry "ESP"]
[SourceTitle "CBM 114 Extra"]
[Source "ChessBase"]
[SourceDate "2006.11.03"]
[SourceVersion "1"]
[SourceVersionDate "2006.11.03"]
[SourceQuality "1"]

1. e4 g6 2. d4 d6 3. Nf3 Bg7 4. c3 Nf6 5. Qd3 0-0 6. Be2 c5 7. Be3 cxd4 8. Bxd4 Nc6 9. 0-0 Nxd4 10. cxd4 Qb6 11. b3 Nh5 12. Rd1 Nf4 13. Qe3 e5 14. Kf1 Bg4 15. d5 Qxe3 16. fxe3 Nxe2 17. Kxe2 f5 18. Kd3 fxe4+ 0-1